| 000 | 00689nam a2200229Ia 4500 | ||
|---|---|---|---|
| 005 | 20260130103256.0 | ||
| 008 | 210716s2006 xx 000 0 und d | ||
| 020 | _a8121910625 | ||
| 040 | _cAIMIT LIBRARY | ||
| 041 | _aeng | ||
| 082 |
_a658.1511 _21 _bPILR |
||
| 100 |
_aPillai, R S N. _965730 |
||
| 245 |
_aManagement accounting / _cBy R S N Pillai and Bagavathi. |
||
| 250 | _a1st ed. | ||
| 260 |
_aNew Delhi : _bS Chand and Company Ltd , _c2006. |
||
| 300 |
_axi,644p. ; _bPB _c23.5 cm |
||
| 650 |
_aManagement Accounting _965731 |
||
| 650 |
_aRatio analysis _965732 |
||
| 650 |
_aStandard costing _965733 |
||
| 700 |
_aBagavathi. _965734 |
||
| 942 |
_2ddc _cBK _e1st _k658.1511 PILR |
||
| 999 |
_c187560 _d187560 |
||